| 000 | 01470cam a2200289 4500 | ||
|---|---|---|---|
| 001 | ABS65730 | ||
| 008 | 020718n2002 000 0 eng u | ||
| 035 | _a(Sirsi) u118903 | ||
| 100 | _aQingshu Xie, A | ||
| 245 | 4 | _aThe emergence of the urban land market in China: evolution, structure, constraints and perspectives | |
| 260 | _c2002 | ||
| 490 |
_aUrban Studies _v39(8) July 2002, 1375-1398(24) |
||
| 520 | _aUrban land reform is one of the most important constituents of China's whole economic reform programme launched in the late 1970s. Through a series of reforms, urban land markets have emerged rapidly. This paper aims to analyse the evolution of urban land reform, to discuss the structure of urban land markets, to identify the principle constraints in the urban land market and to propose relevant recommendations for its improvement in the future. The methodology employed for this research is based on the structure and agency theory of the development process and the paper relies on a comprehensive review of recent research on the urban land market in China. References. [TAKEN FROM JOURNAL HEADNOTE] | ||
| 590 | _aABS | ||
| 650 | _aLAND MARKET | ||
| 650 | _aCHINA | ||
| 650 | _aREFORM | ||
| 650 | _aURBAN LAND | ||
| 650 | _aLAND MANAGEMENT | ||
| 650 | _aRURAL LAND | ||
| 650 | _aLAND ADMINISTRATION | ||
| 650 | _aLAND OWNERSHIP | ||
| 690 | _aINTERNATIONAL-ASIA | ||
| 700 | _aParsa, G | ||
| 700 | _aRedding, B | ||
| 942 | _n0 | ||
| 999 |
_c70775 _d70775 |
||